000
00337nam a2200133Ia 4500
008
240624s9999 xx 000 0 und d
041
_a
eng
082
_a
200 BRY
100
_a
BRYANT EDWIN F
245
_a
BHAKTI YOGA TALES AND TEACHINGS FROM THE
260
_c
2017
_a
London
_b
Macmillan
300
_a
xxix, 650 p.; 23 cm.
365
_c
RS
999
_c
31877
_d
31877